000 00785nam a2200229Ia 4500
001 7325
003 GE_BSU
008 181216s||||||||xx |||||||||||||| ||und||
020 _a9789941211522
040 _cGE_BSU
080 _a27-36
245 _aწმინდა ილარიონ ქართველი.
245 _cშემდგ.: კახაბერ კენკიშვილი. პროექტის რედ.: თამარ მამაცაშვილი.
250 _aISSN: 22980547
260 _aთბილისი.
260 _bპალიტრა L.
260 _c2013.
300 _a175 გვ.; ილ.; 20 სმ.
541 _h3 ლ.
653 _aწმინდა ილარიონ ქართველი.
942 _cBK
999 _c40690
_d40690